[Event "Quebec op U1400"]
[Site "Montreal CAN"]
[Date "2016.07.23"]
[Round "1.85"]
[White "Dawson, Skyler"]
[Black "Zhong, Ziyi"]
[Result "1-0"]
[WhiteElo "1319"]
[BlackElo "1240"]
[PlyCount "83"]
[EventDate "2016.07.23"]
[EventType "swiss"]
[EventRounds "8"]
[EventCountry "CAN"]

1. e4 e5 2. Nf3 Nc6 3. Bb5 a6 4. Ba4 Nf6 5. d3 b5 6. Bb3 d6 7. c3 g6 8. h3 Bg7
9. O-O O-O 10. Nbd2 Be6 11. Bc2 d5 12. Re1 d4 13. a4 b4 14. cxd4 exd4 15. a5
Na7 16. Ng5 c5 17. Nxe6 fxe6 18. Nc4 Nc6 19. Bf4 Nh5 20. Bd6 Rf7 21. Bb3 Nf4
22. Bxc5 Rc8 23. Nd6 Nxa5 24. Nxf7 Kxf7 25. Bxb4 Nxb3 26. Qxb3 Rb8 27. Qc4 Nxd3
28. Qxd3 Rxb4 29. Rxa6 Rxb2 30. e5 Kg8 31. Rxe6 Qd7 32. Rd6 Qe7 33. Qxd4 Rb8
34. Qd5+ Kh8 35. Rd7 Qf8 36. Rd1 Qf5 37. Rd8+ Rxd8 38. Qxd8+ Bf8 39. e6 Kg7 40.
Rd7+ Kh6 41. Qh4+ Qh5 42. Qf4+ 1-0

[Event "Quebec op U1400"]
[Site "Montreal CAN"]
[Date "2016.07.23"]
[Round "1.86"]
[White "Forgues, David"]
[Black "Liu, Kevin"]
[Result "0-1"]
[WhiteElo "1238"]
[BlackElo "1312"]
[PlyCount "114"]
[EventDate "2016.07.23"]
[EventType "swiss"]
[EventRounds "8"]
[EventCountry "CAN"]

1. e4 c5 2. Nf3 Nc6 3. a3 g6 4. d4 cxd4 5. Nxd4 Bg7 6. Be3 Nf6 7. Nc3 d6 8. h3
d5 9. Bb5 Bd7 10. exd5 Nxd4 11. Bxd4 Bxb5 12. Nxb5 O-O 13. c4 a6 14. Nc3 Rc8
15. Qe2 Re8 16. Rd1 e6 17. O-O exd5 18. Qf3 Rxc4 19. Nxd5 Qxd5 20. Qxd5 Nxd5
21. Bxg7 Kxg7 22. Rxd5 Rc2 23. b4 Ra2 24. Rd3 Ree2 25. Rc1 Rxf2 26. g4 Rad2 27.
Rxd2 Rxd2 28. Rc3 Rd7 29. Kg2 Kf6 30. h4 Ke5 31. Kg3 f5 32. Re3+ Kf6 33. g5+
Kf7 34. Kf4 b5 35. Rh3 Rd4+ 36. Ke5 Re4+ 37. Kd5 Re6 38. h5 Re4 39. hxg6+ Kxg6
40. Rh6+ Kxg5 41. Rxa6 Re3 42. Kd4 Re7 43. Rb6 Kg4 44. Rf6 f4 45. Kc5 Re5+ 46.
Kd4 Rf5 47. Rc6 f3 48. Rc1 f2 49. Rf1 Kg3 50. Ke4 Rf8 51. Kd4 Kg2 52. Rxf2+
Rxf2 53. Kc5 Rf5+ 54. Kb6 h5 55. a4 bxa4 56. b5 Rxb5+ 57. Kxb5 a3 0-1

[Event "Quebec op U1400"]
[Site "Montreal CAN"]
[Date "2016.07.23"]
[Round "1.87"]
[White "Forcier, Pierre-Rodolphe"]
[Black "Amyot, Stephane"]
[Result "0-1"]
[WhiteElo "1292"]
[BlackElo "1218"]
[PlyCount "64"]
[EventDate "2016.07.23"]
[EventType "swiss"]
[EventRounds "8"]
[EventCountry "CAN"]

1. e4 e5 2. Nf3 Nc6 3. Bc4 Nf6 4. Ng5 d5 5. Bb3 Nd4 6. c3 Nxb3 7. Qxb3 Nxe4 8.
Nxe4 dxe4 9. Qa4+ Qd7 10. Qxe4 Bd6 11. O-O O-O 12. Re1 f5 13. Qd5+ Qe6 14.
Qxe6+ Bxe6 15. d4 e4 16. f3 Bd5 17. Nd2 exf3 18. Nxf3 Bxf3 19. gxf3 Rae8 20.
Be3 Re6 21. Re2 f4 22. Rae1 Rfe8 23. Kf2 fxe3+ 24. Rxe3 Rxe3 25. Rxe3 Rxe3 26.
Kxe3 Bxh2 27. f4 Kf7 28. c4 Kf6 29. Ke4 h5 30. c5 h4 31. d5 Bxf4 32. Kxf4 g5+
0-1

[Event "Quebec op U1400"]
[Site "Montreal CAN"]
[Date "2016.07.23"]
[Round "1.88"]
[White "Dubois, Lorraine"]
[Black "Pietka, Krystyn"]
[Result "1-0"]
[WhiteElo "1200"]
[BlackElo "1282"]
[PlyCount "147"]
[EventDate "2016.07.23"]
[EventType "swiss"]
[EventRounds "8"]
[EventCountry "CAN"]

1. d4 Nf6 2. c4 e6 3. Nc3 d5 4. cxd5 exd5 5. Bg5 c6 6. e3 Nbd7 7. Bd3 Bb4 8.
Nge2 h6 9. Bh4 g5 10. Bg3 Qb6 11. a3 Be7 12. Qc2 Qa5 13. O-O b5 14. b4 Qd8 15.
e4 Nb6 16. e5 Nh5 17. Rfe1 Be6 18. a4 Nxg3 19. Nxg3 Bxb4 20. axb5 cxb5 21.
Bxb5+ Ke7 22. Reb1 a5 23. Nd1 h5 24. Nf5+ Kf8 25. Nde3 Rc8 26. Qd1 g4 27. Bd3
Nc4 28. Nc2 Bc3 29. Ra2 Rb8 30. Na3 Rxb1 31. Nxb1 Nb2 32. Qc2 Nxd3 33. Qxd3 Bb4
34. f3 Qg5 35. Nd6 Bxd6 36. exd6 Bf5 37. Qd2 Qg6 38. Nc3 gxf3 39. Qf2 fxg2 40.
Rxa5 Be6 41. Ra8+ Kg7 42. Ra7 Rd8 43. Ra6 Qg5 44. Qxg2 Qxg2+ 45. Kxg2 Rc8 46.
Nb5 Kf6 47. Kg3 Kg5 48. h4+ Kf5 49. Kf3 Rc1 50. Ra7 Kf6 51. d7 Ke7 52. Kf4 f6
53. Nc7 Rf1+ 54. Kg3 Bf7 55. Nb5 Re1 56. d8=Q+ Kxd8 57. Rxf7 Rf1 58. Nc3 Rf5
59. Ne2 Ke8 60. Rh7 Kf8 61. Nf4 Kg8 62. Rxh5 Rxh5 63. Nxh5 Kf7 64. Nf4 f5 65.
h5 Kf6 66. Kh4 Kf7 67. Kg5 Kg7 68. h6+ Kg8 69. Kxf5 Kh7 70. Nxd5 Kg8 71. h7+
Kh8 72. Ke6 Kxh7 73. Nf6+ Kg7 74. Ke7 1-0

[Event "Quebec op U1400"]
[Site "Montreal CAN"]
[Date "2016.07.23"]
[Round "1.89"]
[White "Bercuvitz, Tani"]
[Black "Pan, Yu Xiang"]
[Result "1-0"]
[WhiteElo "1280"]
[BlackElo "1187"]
[PlyCount "85"]
[EventDate "2016.07.23"]
[EventType "swiss"]
[EventRounds "8"]
[EventCountry "CAN"]

1. d4 d5 2. c4 e6 3. Nc3 Nf6 4. Bg5 Bb4 5. Rc1 h6 6. Bh4 Nc6 7. Nf3 O-O 8. a3
Bxc3+ 9. Rxc3 Re8 10. e3 g5 11. Bg3 Ne4 12. Rc1 f6 13. Qc2 e5 14. dxe5 Nxe5 15.
Nxe5 fxe5 16. cxd5 Bf5 17. Bd3 Nxg3 18. hxg3 Bxd3 19. Qxd3 e4 20. Qc4 Qd6 21.
Qb5 b6 22. Rc6 a6 23. Qb3 Qe5 24. Rhxh6 Kg7 25. Rcg6+ Kf8 26. Qb4+ Re7 27. Re6
Qg7 28. Rxe7 a5 29. Rxg7+ axb4 30. Rh8+ Kxg7 31. Rxa8 bxa3 32. bxa3 Kf7 33. Rc8
Ke7 34. Rxc7+ Kd6 35. Rc6+ Kxd5 36. Rxb6 Ke5 37. a4 Kf5 38. a5 Ke5 39. a6 Kf5
40. a7 Kg4 41. a8=Q Kh5 42. Qh8+ Kg4 43. Qh3# 1-0

[Event "Quebec op U1400"]
[Site "Montreal CAN"]
[Date "2016.07.23"]
[Round "1.90"]
[White "Omichi, Kevin"]
[Black "Rodi, Mathieu"]
[Result "0-1"]
[WhiteElo "1168"]
[BlackElo "1273"]
[PlyCount "52"]
[EventDate "2016.07.23"]
[EventType "swiss"]
[EventRounds "8"]
[EventCountry "CAN"]

1. e4 d5 2. exd5 Nf6 3. Nf3 Nxd5 4. d3 Nc6 5. Nc3 e5 6. Be2 Bb4 7. Bd2 Bf5 8.
O-O Qd7 9. Ne4 Bxd2 10. Nexd2 O-O-O 11. Nh4 Bg6 12. Nxg6 hxg6 13. Ne4 f5 14.
Ng3 Nf4 15. Re1 Qe7 16. Qc1 Rxh2 17. Bf3 Qh4 18. Qxf4 exf4 19. Kf1 fxg3 20.
fxg3 Qxg3 21. Ke2 Nd4+ 22. Kd2 Nxf3+ 23. Kc3 Nxe1 24. Kb4 Nxc2+ 25. Ka4 Rh4+
26. Kb5 Qe5# 0-1

[Event "Quebec op U1400"]
[Site "Montreal CAN"]
[Date "2016.07.24"]
[Round "2.1"]
[White "Bercuvitz, Tani"]
[Black "Jordanov, Jordan"]
[Result "1/2-1/2"]
[WhiteElo "1280"]
[BlackElo "1339"]
[PlyCount "114"]
[EventDate "2016.07.23"]
[EventType "swiss"]
[EventRounds "8"]
[EventCountry "CAN"]

1. d4 Nf6 2. c4 e6 3. Nc3 Bb4 4. Bd2 b6 5. a3 Bxc3 6. Bxc3 d5 7. Nf3 Nbd7 8.
Rc1 Bb7 9. Qc2 dxc4 10. Nd2 b5 11. Ba5 Nb6 12. e3 Rc8 13. Bxb6 cxb6 14. a4 a6
15. axb5 axb5 16. f3 Nd5 17. Kf2 O-O 18. Be2 f5 19. Nb1 f4 20. e4 Ne3 21. Qd2
Rc5 22. dxc5 Qg5 23. Rcg1 Rd8 24. Qb4 Qe5 25. Rd1 Nxd1+ 26. Rxd1 Rxd1 27. Bxd1
Qd4+ 28. Ke2 Qe3+ 29. Kf1 Qd3+ 30. Ke1 Qe3+ 31. Be2 Qc1+ 32. Kf2 Qe3+ 33. Kf1
bxc5 34. Qd2 Qxd2 35. Nxd2 e5 36. Ke1 Kf7 37. Kd1 Ke7 38. Kc2 Ba6 39. Bf1 Kd6
40. Kc1 h5 41. Nb1 h4 42. h3 Kc6 43. Nc3 Kd6 44. Nd5 Bb7 45. Nc3 Kc6 46. Nd1
Bc8 47. Nf2 Kd6 48. Ng4 Bd7 49. Kc2 Ke6 50. Kc3 Kd6 51. Nf2 Be6 52. Nd1 Kc6 53.
Be2 Kd6 54. Kc2 Kc6 55. Nc3 Bf7 56. Nb1 Kd6 57. Nd2 Kc6 1/2-1/2

[Event "Quebec op U1400"]
[Site "Montreal CAN"]
[Date "2016.07.24"]
[Round "2.2"]
[White "Rodi, Mathieu"]
[Black "Imbeault, Marc"]
[Result "1-0"]
[WhiteElo "1273"]
[BlackElo "1372"]
[PlyCount "69"]
[EventDate "2016.07.23"]
[EventType "swiss"]
[EventRounds "8"]
[EventCountry "CAN"]

1. e4 c5 2. Nf3 e6 3. d4 cxd4 4. Nxd4 Nf6 5. Nc3 Nc6 6. Bg5 Be7 7. f4 d6 8. Qd2
Bd7 9. O-O-O O-O 10. Ndb5 d5 11. exd5 exd5 12. Nxd5 Ne4 13. Nxe7+ Nxe7 14. Qxd7
Nxg5 15. fxg5 Qa5 16. Qxe7 Qxa2 17. Qa3 Qxa3 18. Nxa3 Rae8 19. Rd7 Re5 20. Bc4
Rxg5 21. Rxb7 Rxg2 22. Rxa7 g6 23. Nb5 Kg7 24. Nd6 Rd8 25. Rxf7+ Kh6 26. Ne4
Rd4 27. Bd3 Ra4 28. Nc3 Rag4 29. Bf1 Rg1 30. Rxg1 Rxg1 31. Kd2 g5 32. Ke2 Rh1
33. Rf2 Kh5 34. Ne4 g4 35. Ng3+ 1-0

[Event "Quebec op U1400"]
[Site "Montreal CAN"]
[Date "2016.07.24"]
[Round "2.3"]
[White "Laroche, Martin"]
[Black "Dimov, Petre"]
[Result "0-1"]
[WhiteElo "1372"]
[BlackElo "1272"]
[PlyCount "94"]
[EventDate "2016.07.23"]
[EventType "swiss"]
[EventRounds "8"]
[EventCountry "CAN"]

1. d4 c5 2. c3 cxd4 3. cxd4 Nf6 4. Nc3 a6 5. Nf3 b5 6. a3 Bb7 7. g3 d6 8. Bg2
Nbd7 9. O-O Nb6 10. Nd2 Bxg2 11. Kxg2 e6 12. e4 Be7 13. b4 h5 14. Nf3 Qc7 15.
Qd3 Rc8 16. Bd2 Nc4 17. Rac1 Qb7 18. Ra1 Nb2 19. Qb1 Rxc3 20. Bxc3 Na4 21. Qd3
Nxe4 22. Bd2 Nb2 23. Qe2 Nc4 24. Be3 h4 25. h3 hxg3 26. fxg3 Qd5 27. g4 f5 28.
gxf5 Qxf5 29. Ng5 Qg6 30. Qf3 Nxe3+ 31. Qxe3 Bxg5 32. Qf3 Bh4+ 33. Qg4 Ng5 34.
Rac1 Kd7 35. d5 Rh6 36. Rc6 Qd3 37. Rxa6 Qxd5+ 38. Kh2 Qd2+ 39. Kh1 Qe3 40. Kg2
Qd2+ 41. Kh1 Bf2 42. Kg2 Be1+ 43. Kh1 Rxh3+ 44. Qxh3 Nxh3 45. Rf7+ Ke8 46. Rxg7
Qd5+ 47. Rg2 Nf4 0-1

[Event "Quebec op U1400"]
[Site "Montreal CAN"]
[Date "2016.07.24"]
[Round "2.4"]
[White "Jordanov, Jordan"]
[Black "Dubois, Lorraine"]
[Result "1-0"]
[WhiteElo "1339"]
[BlackElo "1200"]
[PlyCount "115"]
[EventDate "2016.07.23"]
[EventType "swiss"]
[EventRounds "8"]
[EventCountry "CAN"]

1. d4 d5 2. c4 c6 3. cxd5 cxd5 4. Nc3 Nf6 5. Nf3 Bf5 6. Bg5 Nbd7 7. Qb3 h6 8.
Bh4 Nb6 9. e3 a6 10. Bxf6 exf6 11. Nd2 Be7 12. g3 Be6 13. Bg2 Rb8 14. O-O O-O
15. Rac1 Qd6 16. Rfd1 Rfc8 17. Ne2 Nc4 18. Nb1 Qb4 19. Nf4 Rd8 20. Nc3 Qxb3 21.
axb3 Nb6 22. Na4 Rd6 23. Nc5 g5 24. Nfd3 Nd7 25. Rc3 Nxc5 26. Nxc5 a5 27. Rdc1
Rdd8 28. Bf1 f5 29. Nd3 Bf6 30. Bg2 b5 31. Rc6 Rdc8 32. Rxc8+ Rxc8 33. Rxc8+
Bxc8 34. Bxd5 g4 35. Nf4 Bg5 36. Kg2 Bxf4 37. gxf4 Kg7 38. f3 h5 39. h3 gxf3+
40. Kxf3 h4 41. Ke2 Be6 42. Bc6 b4 43. d5 Bc8 44. Kd3 Kf8 45. Kd4 Ke7 46. Kc5
Ba6 47. Bb5 Bb7 48. Bc4 f6 49. Kb6 Bc8 50. Kxa5 Kd6 51. Kxb4 Bb7 52. Kb5 Bxd5
53. Bxd5 Kxd5 54. Kb6 Kd6 55. b4 Kd7 56. Kb7 Kd8 57. b5 Kd7 58. b6 1-0

[Event "Quebec op U1400"]
[Site "Montreal CAN"]
[Date "2016.07.24"]
[Round "2.5"]
[White "Laroche, Hugo"]
[Black "Dawson, Skyler"]
[Result "0-1"]
[WhiteElo "1272"]
[BlackElo "1319"]
[PlyCount "126"]
[EventDate "2016.07.23"]
[EventType "swiss"]
[EventRounds "8"]
[EventCountry "CAN"]

1. d4 Nf6 2. c4 c5 3. Nf3 cxd4 4. Nxd4 g6 5. b3 Bg7 6. Bb2 O-O 7. e3 Nc6 8. Nd2
Qa5 9. Qc2 d6 10. Bc3 Nxd4 11. exd4 Qc7 12. Bd3 Bd7 13. O-O Rfc8 14. Rac1 d5
15. Rfe1 Be6 16. Ba1 Qd8 17. Qb2 Rab8 18. Nf3 Nd7 19. Qe2 Bf6 20. Qe3 dxc4 21.
bxc4 Bg4 22. h3 Bxf3 23. Qxf3 e6 24. Be4 Nb6 25. c5 Nd5 26. Bxd5 exd5 27. Rb1
Rc6 28. Bc3 Bg7 29. Rb2 Qd7 30. Rbe2 Rf6 31. Qe3 Re6 32. Qf4 Rbe8 33. Rxe6 fxe6
34. Qg4 Qf7 35. Qe2 Qf4 36. Qb5 Rf8 37. Qe2 Kh8 38. Rd1 Qf5 39. f3 h6 40. Qb2
Rf7 41. Qa3 a6 42. c6 bxc6 43. Qxa6 Qc2 44. Qd3 Qxd3 45. Rxd3 Ra7 46. Rd2 c5
47. Rd3 Ra3 48. dxc5 Rxc3 49. Rxc3 Bxc3 50. c6 Ba5 51. Kf2 g5 52. Ke3 e5 53.
Kd3 Kg7 54. g3 Kf6 55. Ke3 Bb6+ 56. Kd3 Ke6 57. h4 Kd6 58. hxg5 hxg5 59. Ke2
Kxc6 60. Kd3 Kb5 61. Ke2 Kc4 62. Kd2 Kd4 63. a4 Kc4 0-1

[Event "Quebec op U1400"]
[Site "Montreal CAN"]
[Date "2016.07.24"]
[Round "2.6"]
[White "Liu, Kevin"]
[Black "Hall, Arturo"]
[Result "1-0"]
[WhiteElo "1312"]
[BlackElo "1291"]
[PlyCount "65"]
[EventDate "2016.07.23"]
[EventType "swiss"]
[EventRounds "8"]
[EventCountry "CAN"]

1. e4 e5 2. Nf3 Nc6 3. Nc3 Nf6 4. d4 Bb4 5. d5 Bxc3+ 6. bxc3 Nb8 7. Bd3 d6 8.
h3 O-O 9. O-O c6 10. c4 cxd5 11. cxd5 a6 12. c4 Bd7 13. Rb1 Qc8 14. Ba3 Qc7 15.
Qe2 Rd8 16. Rb2 a5 17. Rfb1 Ra7 18. Qe3 Ra8 19. Rxb7 Qc8 20. Bxd6 Bxh3 21. Bxb8
Bg4 22. Nxe5 h6 23. Nxf7 Rd7 24. Rxd7 Bxd7 25. Nd6 Qd8 26. Qb6 Bg4 27. Qxd8+
Kh7 28. e5+ g6 29. Rb7+ Nd7 30. Rxd7+ Bxd7 31. Qxd7+ Kg8 32. Qe8+ Kg7 33. Qxg6+
1-0

[Event "Quebec op U1400"]
[Site "Montreal CAN"]
[Date "2016.07.24"]
[Round "2.7"]
[White "Amyot, Stephane"]
[Black "Arsenault-Mahjoubi, Louis"]
[Result "1-0"]
[WhiteElo "1218"]
[BlackElo "1359"]
[PlyCount "69"]
[EventDate "2016.07.23"]
[EventType "swiss"]
[EventRounds "8"]
[EventCountry "CAN"]

1. e4 c5 2. c4 Nc6 3. Nc3 e6 4. Nge2 Qc7 5. d4 cxd4 6. Nxd4 a6 7. Nxc6 bxc6 8.
Be3 Nf6 9. Be2 Bb4 10. Qd3 O-O 11. O-O Bb7 12. Na4 c5 13. Bf3 d6 14. Rfd1 Rad8
15. Bf4 Bc6 16. b3 Qb7 17. Bg5 Nxe4 18. Bxd8 Rxd8 19. Qe3 f5 20. Bxe4 Bxe4 21.
f3 f4 22. Qxe4 Qxe4 23. fxe4 e5 24. Nb6 Bc3 25. Nd5 Bd4+ 26. Kf1 Kf7 27. Ke2 g5
28. Rxd4 exd4 29. Kf3 h5 30. h4 gxh4 31. Rh1 Rg8 32. Rxh4 Rg3+ 33. Kf2 Kg6 34.
Nxf4+ Kg5 35. Kxg3 1-0

[Event "Quebec op U1400"]
[Site "Montreal CAN"]
[Date "2016.07.24"]
[Round "2.8"]
[White "Grandmaison, Real"]
[Black "Gao, Ying Chen"]
[Result "0-1"]
[WhiteElo "1243"]
[BlackElo "1371"]
[PlyCount "76"]
[EventDate "2016.07.23"]
[EventType "swiss"]
[EventRounds "8"]
[EventCountry "CAN"]

1. e4 Nc6 2. Nc3 e5 3. Nf3 f5 4. d3 Nf6 5. Bd2 Bc5 6. h3 f4 7. Na4 Bb6 8. c3 d6
9. Qe2 Qe7 10. b4 Bd7 11. Nb2 O-O-O 12. a4 a6 13. b5 axb5 14. axb5 Nb8 15. c4
Rhg8 16. Ra8 g5 17. Na4 Bd4 18. Nxd4 exd4 19. Nb2 Be6 20. Ra7 Nfd7 21. Bb4 Nc5
22. Bxc5 dxc5 23. e5 Bf5 24. Qf3 Qxe5+ 25. Kd2 Rde8 26. Qxb7+ Kd7 27. b6 Rc8
28. Na4 Nc6 29. Ra6 Rge8 30. bxc7 Qe1+ 31. Kc2 Nb4+ 32. Qxb4 Qxb4 33. Nb6+ Kxc7
34. Nd5+ Kd7 35. Nxb4 cxb4 36. Ra5 Bg6 37. Rxg5 Rxc4+ 38. Kb2 Rc3 0-1

[Event "Quebec op U1400"]
[Site "Montreal CAN"]
[Date "2016.07.24"]
[Round "2.9"]
[White "Luchian, Andra"]
[Black "Forcier, Pierre-Rodolphe"]
[Result "1-0"]
[WhiteElo "1240"]
[BlackElo "1292"]
[PlyCount "75"]
[EventDate "2016.07.23"]
[EventType "swiss"]
[EventRounds "8"]
[EventCountry "CAN"]

1. d4 Nf6 2. Nf3 d6 3. Nc3 g6 4. Bg5 Bg7 5. h3 O-O 6. e4 c6 7. Bc4 Nxe4 8. Nxe4
d5 9. Bxd5 cxd5 10. Nc3 Nc6 11. O-O f6 12. Bh4 h6 13. Re1 g5 14. Bg3 f5 15. Be5
Nxe5 16. Nxe5 Bxe5 17. Rxe5 e6 18. Qh5 Kg7 19. Rae1 Qb6 20. Ne2 Rf6 21. Qe8 Rf8
22. Qh5 Rf6 23. Kh1 Qxb2 24. f4 g4 25. hxg4 fxg4 26. f5 Qxc2 27. Qxg4+ Kh7 28.
Ng3 Bd7 29. Nh5 Rf7 30. Qg6+ Kh8 31. Qxf7 Rg8 32. Qf6+ Kh7 33. R1e2 Qd1+ 34.
Kh2 Qxd4 35. fxe6 Be8 36. Nf4 Rf8 37. Qe7+ Kh8 38. Nxd5 1-0

[Event "Quebec op U1400"]
[Site "Montreal CAN"]
[Date "2016.07.24"]
[Round "2.10"]
[White "Zhong, Ziyi"]
[Black "Lauzon, Francois"]
[Result "1-0"]
[WhiteElo "1240"]
[BlackElo "1265"]
[PlyCount "105"]
[EventDate "2016.07.23"]
[EventType "swiss"]
[EventRounds "8"]
[EventCountry "CAN"]

1. e4 e6 2. d4 d5 3. Nc3 Nf6 4. Bg5 Be7 5. Nge2 Nxe4 6. Bxe7 Qxe7 7. Nxe4 dxe4
8. Nc3 Qb4 9. Rb1 Qa5 10. Qg4 O-O 11. Qxe4 Rd8 12. Bd3 g6 13. O-O c6 14. b4 Qc7
15. b5 b6 16. bxc6 Nxc6 17. Rfd1 Bb7 18. Nb5 Qb8 19. Qh4 Rd5 20. Be4 Rh5 21.
Qg4 Qxh2+ 22. Kf1 Nxd4 23. Nxd4 Qh1+ 24. Ke2 Ba6+ 25. Nb5 Rxb5 26. Rxh1 Rg5+
27. Kf3 Rxg4 28. Kxg4 Rd8 29. Rbd1 Be2+ 30. Bf3 Bxd1 31. Rxd1 Rxd1 32. Bxd1 Kg7
33. f4 Kf6 34. Be2 h5+ 35. Kf3 e5 36. g4 exf4 37. Kxf4 g5+ 38. Ke4 h4 39. Bf1
Ke6 40. Bc4+ Kf6 41. Bf1 Ke6 42. Bh3 b5 43. a3 a5 44. c3 Kf6 45. Kd5 b4 46.
cxb4 axb4 47. axb4 Ke7 48. Ke5 f6+ 49. Kf5 Kd6 50. Kxf6 Kc6 51. Kxg5 Kb5 52.
Kxh4 Kxb4 53. g5 1-0

[Event "Quebec op U1400"]
[Site "Montreal CAN"]
[Date "2016.07.24"]
[Round "2.11"]
[White "Bedard, Ludovic"]
[Black "Forgues, David"]
[Result "0-1"]
[WhiteElo "1257"]
[BlackElo "1238"]
[PlyCount "56"]
[EventDate "2016.07.23"]
[EventType "swiss"]
[EventRounds "8"]
[EventCountry "CAN"]

1. d4 d5 2. c4 dxc4 3. e3 Nf6 4. Bxc4 Nc6 5. Nc3 Bf5 6. Nge2 e5 7. d5 Nb4 8.
O-O c6 9. dxc6 Nxc6 10. a3 Bc5 11. b4 Bd6 12. Qb3 O-O 13. Rd1 a6 14. Bb2 Qc7
15. Nd5 Nxd5 16. Bxd5 Rad8 17. Rac1 e4 18. Nd4 Bxh2+ 19. Kh1 Bd7 20. Nxc6 Bxc6
21. Bxc6 bxc6 22. Rxd8 Rxd8 23. Qc3 f6 24. Qc4+ Kf8 25. Bd4 Be5 26. Bxe5 Qxe5
27. Qxa6 Rd2 28. Rxc6 Rd1+ 0-1

[Event "Quebec op U1400"]
[Site "Montreal CAN"]
[Date "2016.07.24"]
[Round "2.12"]
[White "Pan, Yu Xiang"]
[Black "Denis, Alain"]
[Result "1-0"]
[WhiteElo "1187"]
[BlackElo "1244"]
[PlyCount "21"]
[EventDate "2016.07.23"]
[EventType "swiss"]
[EventRounds "8"]
[EventCountry "CAN"]

1. e4 c5 2. Nf3 Nf6 3. e5 Ng4 4. h3 Nh6 5. Bc4 e6 6. O-O g6 7. d4 cxd4 8. Qxd4
Nc6 9. Qc3 d5 10. exd6 Qxd6 11. Qxh8 1-0

[Event "Quebec op U1400"]
[Site "Montreal CAN"]
[Date "2016.07.24"]
[Round "3.1"]
[White "Lemarier, Stephane"]
[Black "Bercuvitz, Tani"]
[Result "0-1"]
[WhiteElo "1377"]
[BlackElo "1280"]
[PlyCount "64"]
[EventDate "2016.07.23"]
[EventType "swiss"]
[EventRounds "8"]
[EventCountry "CAN"]

1. d4 d5 2. c4 e6 3. Nc3 Bb4 4. Nf3 h6 5. a3 Bxc3+ 6. bxc3 Nf6 7. e3 O-O 8. Bd3
Nc6 9. O-O Re8 10. Ne5 Bd7 11. f3 Na5 12. a4 dxc4 13. Nxc4 Nxc4 14. Bxc4 Nd5
15. e4 Nxc3 16. Qb3 Nxa4 17. Be3 Nb6 18. Bd3 Bc6 19. Qd1 Qd7 20. Bc2 Red8 21.
f4 Bb5 22. Rf3 Ba6 23. Rg3 Rac8 24. Qg4 f6 25. Qg6 Kh8 26. f5 Bc4 27. Bxh6
Qxd4+ 28. Be3 Qxa1+ 29. Bc1 Qxc1+ 30. Kf2 Qf1+ 31. Ke3 Qe2+ 32. Kf4 e5# 0-1

[Event "Quebec op U1400"]
[Site "Montreal CAN"]
[Date "2016.07.24"]
[Round "3.2"]
[White "Dawson, Skyler"]
[Black "Amyot, Stephane"]
[Result "1-0"]
[WhiteElo "1319"]
[BlackElo "1218"]
[PlyCount "51"]
[EventDate "2016.07.23"]
[EventType "swiss"]
[EventRounds "8"]
[EventCountry "CAN"]

1. e4 e5 2. Nf3 Nc6 3. Bb5 a6 4. Ba4 Nf6 5. d3 b5 6. Bb3 Bc5 7. O-O d6 8. h3
Na5 9. Nbd2 O-O 10. c3 Nxb3 11. Nxb3 Bb6 12. Qe2 Ne8 13. Rd1 f5 14. Bg5 Nf6 15.
Rac1 Qe8 16. exf5 Bxf5 17. d4 Ne4 18. g4 Nxg5 19. Nxg5 Qg6 20. Qe3 h6 21. Nf3
Bd7 22. Kh2 Rf4 23. Nh4 Raf8 24. Nxg6 Rxf2+ 25. Kg1 R2f3 26. Nxf8 1-0

[Event "Quebec op U1400"]
[Site "Montreal CAN"]
[Date "2016.07.24"]
[Round "3.3"]
[White "Dimov, Petre"]
[Black "Liu, Kevin"]
[Result "0-1"]
[WhiteElo "1272"]
[BlackElo "1312"]
[PlyCount "56"]
[EventDate "2016.07.23"]
[EventType "swiss"]
[EventRounds "8"]
[EventCountry "CAN"]

1. Nf3 Nf6 2. e3 d5 3. d4 e6 4. a3 c5 5. c4 b6 6. b3 Nc6 7. Bb2 Bb7 8. cxd5
exd5 9. Bb5 Be7 10. Ne5 Qc7 11. Ng4 Nxg4 12. Qxg4 Bf6 13. O-O O-O 14. f4 cxd4
15. Rf3 Qe7 16. Bxc6 Bxc6 17. Bxd4 Bxd4 18. exd4 Qe1+ 19. Rf1 Qe3+ 20. Kh1 Qxd4
21. Ra2 Qd3 22. Nd2 Rfe8 23. Rd1 d4 24. Rb2 Qe3 25. Nf3 Re6 26. Ne5 Rae8 27.
Re2 Qxb3 28. f5 Qxd1+ 0-1

[Event "Quebec op U1400"]
[Site "Montreal CAN"]
[Date "2016.07.24"]
[Round "3.4"]
[White "Gao, Ying Chen"]
[Black "Rodi, Mathieu"]
[Result "0-1"]
[WhiteElo "1371"]
[BlackElo "1273"]
[PlyCount "49"]
[EventDate "2016.07.23"]
[EventType "swiss"]
[EventRounds "8"]
[EventCountry "CAN"]

1. e4 d5 2. exd5 Nf6 3. Bc4 Nxd5 4. Nf3 Nc6 5. O-O Bg4 6. Nc3 e6 7. Re1 Nb6 8.
Be2 Be7 9. b3 Qd7 10. a4 O-O 11. Bb2 Rad8 12. d3 Bb4 13. Ng5 Bxe2 14. Qxe2 h6
15. Nf3 Nd5 16. Ne5 Nxe5 17. Qxe5 f6 18. Qd4 c5 19. Qc4 a6 20. Re2 Rfe8 21.
Nxd5 exd5 22. Rxe8+ Rxe8 23. Qf4 Re2 24. c3 Qe6 25. Qc1 0-1

[Event "Quebec op U1400"]
[Site "Montreal CAN"]
[Date "2016.07.24"]
[Round "3.5"]
[White "Zhong, Ziyi"]
[Black "Lemarier, Stephane"]
[Result "1-0"]
[WhiteElo "1240"]
[BlackElo "1377"]
[PlyCount "67"]
[EventDate "2016.07.23"]
[EventType "swiss"]
[EventRounds "8"]
[EventCountry "CAN"]

1. e4 c5 2. Nf3 d6 3. d4 cxd4 4. Nxd4 Nf6 5. Nc3 a6 6. Be3 e5 7. Nf5 Nxe4 8.
Nxg7+ Bxg7 9. Nxe4 d5 10. Nc5 Qa5+ 11. c3 d4 12. Nb3 Qd8 13. cxd4 e4 14. Qc2
O-O 15. Qxe4 Nc6 16. O-O-O f5 17. Bc4+ Kh8 18. Qf4 b5 19. d5 Qf6 20. Nd4 Ne5
21. Bb3 Ng4 22. Kb1 Nxe3 23. fxe3 Bd7 24. Rc1 a5 25. Rhf1 a4 26. Bc2 a3 27. b3
Bh6 28. Qf3 Rae8 29. Rce1 f4 30. Qh5 Rxe3 31. Rxe3 Qxd4 32. Qe5+ Bg7 33. Qxd4
Bxd4 34. Re7 1-0

[Event "Quebec op U1400"]
[Site "Montreal CAN"]
[Date "2016.07.24"]
[Round "3.6"]
[White "Forgues, David"]
[Black "Laroche, Martin"]
[Result "0-1"]
[WhiteElo "1238"]
[BlackElo "1372"]
[PlyCount "86"]
[EventDate "2016.07.23"]
[EventType "swiss"]
[EventRounds "8"]
[EventCountry "CAN"]

1. e4 e5 2. Nf3 Nc6 3. Bc4 Nf6 4. Nc3 h6 5. a3 Bc5 6. d3 d6 7. O-O Bg4 8. h3
Bh5 9. g4 Bg6 10. Nh4 Bh7 11. Nf5 Bxf5 12. exf5 a6 13. Be3 Nd4 14. b4 Ba7 15.
Nd5 Nxd5 16. Bxd5 c6 17. Ba2 Nb5 18. Bxa7 Rxa7 19. Qd2 Ra8 20. f4 O-O 21. Rae1
exf4 22. Rxf4 d5 23. Qe2 Nxa3 24. c4 Qb6+ 25. c5 Qc7 26. Rf3 Nb5 27. Qe3 a5 28.
f6 Rfe8 29. Qd2 Rxe1+ 30. Qxe1 g6 31. Re3 axb4 32. Re8+ Rxe8 33. Qxe8+ Kh7 34.
Qf8 Qg3+ 35. Kf1 Qf4+ 36. Kg2 Qxf6 37. h4 Nd4 38. g5 hxg5 39. hxg5 Qxg5+ 40.
Kf2 Qf4+ 41. Ke1 Qe3+ 42. Kf1 Qe2+ 43. Kg1 Nf3+ 0-1

[Event "Quebec op U1400"]
[Site "Montreal CAN"]
[Date "2016.07.24"]
[Round "3.7"]
[White "Hall, Arturo"]
[Black "Pan, Yu Xiang"]
[Result "0-1"]
[WhiteElo "1291"]
[BlackElo "1187"]
[PlyCount "46"]
[EventDate "2016.07.23"]
[EventType "swiss"]
[EventRounds "8"]
[EventCountry "CAN"]

1. d4 d5 2. c4 e6 3. Nc3 Nf6 4. Bg5 Nbd7 5. e3 Bb4 6. Qc2 h6 7. Bxf6 Nxf6 8.
Bd3 c6 9. Nf3 Bd7 10. O-O dxc4 11. Bxc4 Bxc3 12. bxc3 Nd5 13. e4 Nf4 14. g3
Nh3+ 15. Kg2 Ng5 16. Be2 e5 17. Kh1 exd4 18. Nxd4 O-O 19. f4 Bh3 20. Rfd1 Nh7
21. Ne6 Qb6 22. Nxf8 Qf2 23. Bd3 Bg2# 0-1